Квантово-химический расчет зависимости энергии Гиббса реакции дезиодирования иодаренов от pKa кислот и от σ+-констант Гаммета; Известия Томского политехнического университета [Известия ТПУ]; Т. 313, № 3: Химия. Физика

Bibliografische gegevens
Parent link:Известия Томского политехнического университета [Известия ТПУ]/ Томский политехнический университет (ТПУ).— , 2000-
Т. 313, № 3: Химия. Физика.— 2008.— [С. 49-50]
Hoofdauteur: Функ А. А. Андрей Андреевич
Andere auteurs: Чайковский В. К. Витольд Казимирович
Samenvatting:Заглавие с титульного листа
Электронная версия печатной публикации
При помощи DFT (B3LYP/3-21G(d,p)) метода рассчитана термодинамика реакции дезиодирования пара-замещенных аренов кислотами. Сопоставлением вычисленных свободной энергии Гиббса и геометрических параметров с экспериментальными значениями σ+пара-констант Гаммета выявлена близкая к линейной зависимость. Показано, что ΔG линейно зависит от показателя кислотности соответствующей кислоты.
Taal:Russisch
Gepubliceerd in: 2008
Reeks:Химия
Onderwerpen:
Online toegang:http://www.lib.tpu.ru/fulltext/v/Bulletin_TPU/2008/v313/i3/10.pdf
Formaat: Elektronisch Hoofdstuk
KOHA link:https://koha.lib.tpu.ru/cgi-bin/koha/opac-detail.pl?biblionumber=173550

MARC

LEADER 00000nla2a2200000 4500
001 173550
005 20231031164509.0
035 |a (RuTPU)RU\TPU\book\188231 
035 |a RU\TPU\book\188229 
090 |a 173550 
100 |a 20091228d2008 k y0rusy50 ca 
101 0 |a rus 
102 |a RU 
135 |a drnn ---uucaa 
181 0 |a i  
182 0 |a b 
200 1 |a Квантово-химический расчет зависимости энергии Гиббса реакции дезиодирования иодаренов от pKa кислот и от σ+-констант Гаммета  |b Электронный ресурс  |f А. А. Функ, В. К. Чайковский 
203 |a Текст  |c электронный 
215 |a 1 файл (804 Кб) 
225 1 |a Химия 
230 |a Электронные текстовые данные (1 файл : 804 Кб) 
300 |a Заглавие с титульного листа 
300 |a Электронная версия печатной публикации 
320 |a [Библиогр.: с. 50 (7 назв.)] 
330 |a При помощи DFT (B3LYP/3-21G(d,p)) метода рассчитана термодинамика реакции дезиодирования пара-замещенных аренов кислотами. Сопоставлением вычисленных свободной энергии Гиббса и геометрических параметров с экспериментальными значениями σ+пара-констант Гаммета выявлена близкая к линейной зависимость. Показано, что ΔG линейно зависит от показателя кислотности соответствующей кислоты. 
337 |a Adobe Reader 
461 1 |0 (RuTPU)RU\TPU\book\176237  |t Известия Томского политехнического университета [Известия ТПУ]  |f Томский политехнический университет (ТПУ)  |d 2000- 
463 1 |0 (RuTPU)RU\TPU\book\188221  |x 1684-8519  |t Т. 313, № 3: Химия. Физика  |v [С. 49-50]  |d 2008  |p 133 с. 
610 1 |a квантово-химические расчеты 
610 1 |a энергия Гиббса 
610 1 |a дезиодирование 
610 1 |a иодарены 
610 1 |a кислоты 
610 1 |a константы Гаммета 
610 1 |a линейные зависимости 
610 1 |a термодинамика 
610 1 |a арены 
610 1 |a геометрические параметры 
610 1 |a экспериментальные значения 
610 1 |a линейные зависимости 
610 1 |a кислотность 
610 1 |a иодирование 
610 1 |a электрофильное замещение 
610 1 |a метод функционала плотности 
610 1 |a труды учёных ТПУ 
610 1 |a электронный ресурс 
700 1 |a Функ  |b А. А.  |c российский химик-органик  |c инженер Томского политехнического университета, кандидат химических наук  |f 1983-  |g Андрей Андреевич  |2 stltpush  |3 (RuTPU)RU\TPU\pers\25505 
701 1 |a Чайковский  |b В. К.  |c российский химик  |c профессор Томского политехнического университета, доктор химических наук  |f 1951-  |g Витольд Казимирович  |2 stltpush  |3 (RuTPU)RU\TPU\pers\23185 
801 1 |a RU  |b 63413507  |c 20090623  |g PSBO 
801 2 |a RU  |b 63413507  |c 20211207  |g PSBO 
856 4 |u http://www.lib.tpu.ru/fulltext/v/Bulletin_TPU/2008/v313/i3/10.pdf 
942 |c CF